| 000 | 00591cam a2200181 4500500 | ||
|---|---|---|---|
| 005 | 20251228090828.0 | ||
| 041 | _afre | ||
| 042 | _adc | ||
| 100 | 1 | 0 |
_aMarcy, Robert _eauthor |
| 700 | 1 | 0 |
_aHaye, François _eauthor |
| 700 | 1 | 0 |
_aLachenaud, Guy _eauthor |
| 700 | 1 | 0 |
_aDaudin, Claire _eauthor |
| 245 | 0 | 0 | _aVie de l’Amitié |
| 260 | _c2018. | ||
| 500 | _a69 | ||
| 786 | 0 | _nBulletin de l’Amitié Charles Péguy | 161 | 1 | 2018-04-20 | p. 68-74 | 0180-8567 | |
| 856 | 4 | 1 | _uhttps://shs.cairn.info/revue-bulletin-de-lamitie-charles-peguy-2018-1-page-68?lang=fr&redirect-ssocas=7080 |
| 999 |
_c1602767 _d1602767 |
||